Statistics for Common Knowledge #33

Click here to take the quiz!

General Stats

  • This quiz has been taken 382 times
  • The average score is 16 of 20

Answer Stats

HintAnswer% Correct
What did the Grinch try to steal?Christmas
98%
Luke, who is your father?Darth Vader
94%
What is Dwayne Johnson better known as?The Rock
93%
What British chef was the host of the show "Hell's Kitchen"?Gordon Ramsay
92%
What body part do zombies crave?Brains
91%
What family of lizards is notable for being able to change colors?Chameleon
91%
What sport has the score 30-love?Tennis
89%
What tourist destination is known as "Sin City"?Las Vegas
85%
What was Picasso's first name?Pablo
85%
Unscramble this European country: REYMGNAGermany
77%
Besides chocolate, what is the main flavor of Nutella?Hazelnut
77%
What is the most common element in the Earth's atmosphere?Nitrogen
77%
What shape are stop signs in most countries?Octagon
74%
What is the best hand in poker?Royal Flush
74%
In what fictional kingdom was the "The Lion, the Witch, and the Wardrobe" set?Narnia
73%
What book was a predecessor to "The Lord of the Rings"?The Hobbit
71%
Which U.S. state is also a country?Georgia
69%
What number system uses only zeros and ones?Binary
65%
What island country lies off the southeast tip of India?Sri Lanka
58%
Who is the Roman goddess of love and beauty?Venus
52%

Score Distribution

Percentile by Number Answered

Percent of People with Each Score

Your Score History

You have not taken this quiz